000 01098cam a2200313 a 4500
001 4033779
003 GBCCL
005 20251029133855.0
008 980429s1998 ilu b 000 0 eng
020 _a0842318631
_qpbk. : alk. paper
020 _a9780842318631
_q(pbk. : alk. paper)
035 _a4033779
040 _aDLC
_cDLC
_dDLC
082 0 0 _a253
_221
_bWIL 1
100 1 _aWilkes, C. Gene.
245 1 0 _aJesus on leadership /
_cC. Gene Wilkes.
260 _aWheaton, Ill. :
_bTyndale House Publishers,
_cc1998.
300 _axiii, 251 p. ;
_c21 cm.
336 _atext
_btxt
_2rdacontent
337 _aunmediated
_bn
_2rdamedia
338 _avolume
_bnc
_2rdacarrier
504 _aIncludes bibliographical references (p. 247-250).
600 0 0 _aJesus Christ
_xLeadership.
650 0 _aLeadership
_xReligious aspects
_xChristianity.
906 _a7
_bcbc
_corignew
_d1
_eocip
_f19
_gy-gencatlg
942 _2ddc
_cBK
_n0
999 _c2632
_d2632